000 00511nam a2200157 i 4500
001 149544
003 ES-MaACL
005 20230906203140.0
007 t|
008 071023s1922 xxr ||||1| ger d
100 1 _aVarga, Evgueniï Samoïlovich.
_9113186
245 1 4 _aDie Krise der kapitaliskischen Weltwirtschaf /
_cEugen Varga.
250 _a2., verm. u. umgearb. Aufl.
260 _a[St. Peterburgs] :
_bVerlag d. Kommunist. Internationale,
_c1922 (
_eHamburg :
_fC. Hoym)
852 _aES-MaACL
_j1633-F-6
999 _c149544
_d149544